Art of Being a Winning Students (Record no. 155310)
[ view plain ]
| 000 -LEADER | |
|---|---|
| fixed length control field | 00339nam a2200133Ia 4500 |
| 008 - FIXED-LENGTH DATA ELEMENTS--GENERAL INFORMATION | |
| fixed length control field | 230411s9999 xx 000 0 und d |
| 041 ## - LANGUAGE CODE | |
| Language code of text/sound track or separate title | eng |
| 082 ## - DEWEY DECIMAL CLASSIFICATION NUMBER | |
| Classification number | X/150/CHA/B04702 |
| 100 ## - MAIN ENTRY--PERSONAL NAME | |
| Personal name | Chandorkar AG |
| 245 ## - TITLE STATEMENT | |
| Title | Art of Being a Winning Students |
| 260 ## - PUBLICATION, DISTRIBUTION, ETC. (IMPRINT) | |
| Name of publisher, distributor, etc. | Paras Publishing |
| Place of publication, distribution, etc. | Hyderabad |
| Date of publication, distribution, etc. | 2003 |
| 300 ## - PHYSICAL DESCRIPTION | |
| Extent | 231p |
| Withdrawn status | Lost status | Damaged status | Not for loan | Collection code | Home library | Current library | Date acquired | Vendor | Cost, normal purchase price | Total Checkouts | Full call number | Barcode | Date last seen | Cost, replacement price | Bill Date | Koha item type | Original Barcode |
|---|---|---|---|---|---|---|---|---|---|---|---|---|---|---|---|---|---|
| Smt. Bakul Tambat Institute of Nursing Education | Smt. Bakul Tambat Institute of Nursing Education | 19/12/2007 | M.K.S.S.S I.N.E.Ratnagiri. | 115.00 | X 150 CHA B04702 | BTIN-BK-4702 | 11/04/2023 | 115.00 | 19/12/2007 | Books | B04702 |